000 00542nam a2200169 a 4500
001 000047691
005 20201002060659.0
008 180719s2014 dr a 000 j spa d
040 _aDO-SdBNP
_bspa
_cBNPHU
082 _axxxx
_bxxxx
100 1 _aTejeda Parra, Liza
_975292
245 1 3 _aEl viaje inolvidable /
_cLiza Tejeda Parra ; ilustraciones José Thomas.
260 _a[Santo Domingo], :
_bChips comunicación integrada,
_c2014.
300 _a28 p. :
_bil. ;
_c24 cm.
590 _aInventariado, 2018/ YL
700 1 _aThomas, José
_975293
999 _c47179
_d47179